[Event "fast and furious"]
[Site "SchemingMind.com"]
[Date "2009.01.25"]
[Round "-"]
[White "soundso"]
[Black "Joe Daudish"]
[Result "0-1"]
[WhiteCountry "USA"]
[BlackCountry "USA"]
[WhiteElo "1456"]
[WhiteRD "120"]
[BlackElo "1720"]
[BlackRD "45"]
[GameID "189156"]

1. e4 e6 2. Nc3 d5 3. Qe2 Ne7 4. d4 c6 5. Bd2 dxe4 6. Nxe4 Ng6 7. g3 Be7 8. Bg2 Nd7 9. Qf3 O-O 10. O-O-O Nf6
11. Qe3 Rb8 12. d5 cxd5 13. Qxa7 Qc7 14. Ba5 Qe5 15. f4 Nxf4 16. Nf3 Qxe4 17. gxf4 Bd7 18. Bb6 Qxf4+ 19. Kb1 Bc6 20. Be3 Qa4
21. b3 Qxa7 22. Bxa7 Ra8 23. Bd4 Ne4 24. Rhe1 Bb4 25. Rf1 Nc3+ 26. Bxc3 Bxc3 27. Rf2 Ra7 28. Rd3 Bf6 29. a4 b5 30. Nd4 Bxd4
31. Rxd4 bxa4 32. Rf3 axb3 33. Rxb3 Rfa8 34. Rdb4 g6 35. Rb2 Ra1#
0-1

[Event "fast and furious"]
[Site "SchemingMind.com"]
[Date "2009.01.28"]
[Round "-"]
[White "klagefall"]
[Black "Gary"]
[Result "1-0"]
[WhiteCountry "GER"]
[BlackCountry "ENG"]
[WhiteElo "1981"]
[WhiteRD "68"]
[BlackElo "1412"]
[BlackRD "58"]
[GameID "189477"]

1. d4 Nf6 2. c4 e6 3. Nf3 Bb4+ 4. Nbd2 O-O 5. e3 c5 6. a3 Bxd2+ 7. Qxd2 d6 8. g3 b6 9. Bg2 Bb7 10. O-O Nbd7
11. b4 a5 12. Bb2 Ne4 13. Qc2 f5 14. dxc5 bxc5 15. b5 a4 16. Nd2 Ndf6 17. Bxf6 Qxf6 18. Nxe4 fxe4 19. Bxe4 Bxe4 20. Qxe4 Qf5
21. Qxf5 Rxf5 22. Rfd1 Rd8 23. Ra2
1-0

[Event "fast and furious"]
[Site "SchemingMind.com"]
[Date "2009.01.28"]
[Round "-"]
[White "klagefall"]
[Black "lacus66"]
[Result "1-0"]
[WhiteCountry "GER"]
[BlackCountry "HUN"]
[WhiteElo "1976"]
[WhiteRD "87"]
[BlackElo "1635"]
[BlackRD "71"]
[GameID "189479"]

1. d4 Nf6 2. c4 g6 3. Nc3 d5 4. Nf3 Bg7 5. Bg5 O-O 6. Bxf6 Bxf6 7. cxd5 Bg4 8. e3 c6 9. dxc6 Nxc6 10. Be2 Re8
11. O-O Bxf3 12. Bxf3 Qd7 13. Qb3 Rab8 14. Rfd1 Na5 15. Qb5 Qxb5 16. Nxb5 a6 17. Nc7 Rec8 18. Nd5 Kg7 19. Nxf6 Kxf6 20. Rdc1 b5
21. Kf1 Nc4 22. b3 Nd2+ 23. Ke2 Rxc1 24. Rxc1 Nxf3 25. Kxf3 Rd8 26. Rc6+ Rd6 27. Rxd6+ exd6 28. Ke4 Ke7 29. Kd5 Kd7 30. b4 f6
31. e4 h5 32. f4 h4 33. h3 g5 34. fxg5 fxg5 35. e5 dxe5 36. Kxe5
1-0

[Event "fast and furious"]
[Site "SchemingMind.com"]
[Date "2009.01.29"]
[Round "-"]
[White "klagefall"]
[Black "Joe Daudish"]
[Result "1-0"]
[WhiteCountry "GER"]
[BlackCountry "USA"]
[WhiteElo "1976"]
[WhiteRD "87"]
[BlackElo "1720"]
[BlackRD "45"]
[GameID "189480"]

1. d4 d5 2. c4 e6 3. Nf3 Nf6 4. Nc3 Be7 5. Bg5 h6 6. Bh4 dxc4 7. e3 O-O 8. Bxc4 b6 9. O-O Bb7 10. Rc1 Nbd7
11. Re1 Re8 12. e4 c5 13. d5 exd5 14. exd5 Qc7 15. Bg3 Qd8 16. d6 Bf8 17. Qb3 Rxe1+ 18. Rxe1 Rc8 19. Bxf7+ Kh8 20. Nh4 c4
21. Ng6+ Kh7 22. Qc2 Bxd6 23. Bxd6 Nc5 24. Bxc5 Rxc5 25. Re8
1-0

[Event "fast and furious"]
[Site "SchemingMind.com"]
[Date "2009.01.28"]
[Round "-"]
[White "klagefall"]
[Black "Phillip Beckett"]
[Result "1-0"]
[WhiteCountry "GER"]
[BlackCountry "ENG"]
[WhiteElo "1976"]
[WhiteRD "87"]
[BlackElo "1646"]
[BlackRD "61"]
[GameID "189481"]

1. d4 d5 2. c4 e6 3. Nf3 Nf6 4. Bg5 Be7 5. Nc3 h6 6. Bh4 O-O 7. e3 Ne4 8. Bxe7 Qxe7 9. Rc1 Nxc3 10. Rxc3 c6
11. Bd3 dxc4 12. Bxc4 Nd7 13. O-O e5 14. Bb3 exd4 15. exd4 Nf6 16. Re1 Qd6 17. Ne5 Nd5 18. Rg3 Kh8 19. Qd3 Nf6 20. Bxf7 Nd5
21. Ng6+
1-0

[Event "fast and furious"]
[Site "SchemingMind.com"]
[Date "2009.01.29"]
[Round "-"]
[White "klagefall"]
[Black "Door_Mouse"]
[Result "1-0"]
[WhiteCountry "GER"]
[BlackCountry "USA"]
[WhiteElo "1953"]
[WhiteRD "73"]
[BlackElo "1582"]
[BlackRD "112"]
[GameID "189482"]

1. d4 f5 2. Nc3 Nf6 3. Bg5 e6 4. e4 fxe4 5. Nxe4 Be7 6. Bxf6 Bxf6 7. Nf3 O-O 8. Qd2 Nc6 9. O-O-O a5 10. d5 Nb4
11. dxe6 Nxa2+ 12. Kb1 Nb4 13. exd7 Bxd7 14. Qxd7 c6 15. Qxd8 Raxd8 16. Nxf6+ gxf6 17. Bc4+ Kg7 18. c3 Nd5 19. Bxd5 Rxd5 20. Rxd5 cxd5
21. Re1 Kg6 22. Kc2 b5 23. Re7 Rf7 24. Rxf7 Kxf7 25. Kd3 Ke6 26. Nd4+ Ke5 27. Nxb5 h5 28. b4 a4 29. Na3 f5 30. b5 Kd6
31. Kd4 h4 32. f4 Ke6 33. Kc5
1-0

[Event "fast and furious"]
[Site "SchemingMind.com"]
[Date "2009.01.28"]
[Round "-"]
[White "klagefall"]
[Black "soundso"]
[Result "1-0"]
[WhiteCountry "GER"]
[BlackCountry "USA"]
[WhiteElo "1976"]
[WhiteRD "87"]
[BlackElo "1456"]
[BlackRD "120"]
[GameID "189483"]

1. d4 d5 2. c4 c6 3. Nf3 Nf6 4. e3 e6 5. Nbd2 Bd6 6. b3 O-O 7. Bb2 Ne4 8. Bd3 Qa5 9. O-O Qd8 10. Nxe4 dxe4
11. Bxe4 Qf6 12. Bc2 c5 13. Qd3 g6 14. Bc3 b6 15. dxc5 Bc7 16. Bxf6 Nd7 17. Bc3 Nxc5 18. Qd4 f6 19. Qh4 Bd8 20. Qh6 Be7
21. Ng5 Rf7 22. Nxf7 Bf8 23. Qh4 Kxf7 24. Qxh7+ Bg7 25. Qxg6+ Kf8 26. Bxf6 Bxf6 27. Qxf6+ Ke8 28. Rad1 Nd7 29. Bg6#
1-0

[Event "fast and furious"]
[Site "SchemingMind.com"]
[Date "2009.01.28"]
[Round "-"]
[White "Gary"]
[Black "klagefall"]
[Result "0-1"]
[WhiteCountry "ENG"]
[BlackCountry "GER"]
[WhiteElo "1412"]
[WhiteRD "58"]
[BlackElo "1981"]
[BlackRD "68"]
[GameID "189484"]

1. e4 e5 2. Nf3 Nc6 3. Bb5 a6 4. Ba4 Nf6 5. O-O Be7 6. Re1 b5 7. Bb3 d6 8. h3 O-O 9. c3 Na5 10. Bc2 c5
11. d4 Qc7 12. Be3 Nc4 13. b3 Nxe3 14. Rxe3 Bb7 15. Nbd2 Rac8 16. Rc1 Rfe8 17. d5 g6 18. c4 Bf8 19. Qe2 b4 20. Ra1 Ra8
21. a3 a5 22. Ne1 Nh5
0-1

[Event "fast and furious"]
[Site "SchemingMind.com"]
[Date "2009.01.28"]
[Round "-"]
[White "lacus66"]
[Black "klagefall"]
[Result "0-1"]
[WhiteCountry "HUN"]
[BlackCountry "GER"]
[WhiteElo "1635"]
[WhiteRD "71"]
[BlackElo "1976"]
[BlackRD "87"]
[GameID "189486"]

1. d4 d5 2. e4 dxe4 3. Nc3 Nf6 4. f3 exf3 5. Nxf3 e6 6. Bg5 Be7 7. Bd3 c5 8. dxc5 Qa5 9. Be3 Bxc5 10. Bb5+ Bd7
11. Bxc5 Bxb5 12. Nd4 Bc6 13. Bd6 Ne4 14. b4 Nxc3 15. bxa5 Nxd1 16. Rxd1 Bd7 17. O-O f6 18. c4 Kf7 19. c5 Nc6 20. Nb5 Nxa5
21. Nc7 Rac8 22. Bf4 Rhd8 23. Be5 Nc4 24. Bf4 e5 25. Bxe5 Nxe5 26. Nd5 Rxc5 27. Nf4 Rdc8 28. Nd3 Nxd3 29. Rxd3 Bb5
0-1

[Event "fast and furious"]
[Site "SchemingMind.com"]
[Date "2009.01.29"]
[Round "-"]
[White "Joe Daudish"]
[Black "klagefall"]
[Result "1/2-1/2"]
[WhiteCountry "USA"]
[BlackCountry "GER"]
[WhiteElo "1720"]
[WhiteRD "45"]
[BlackElo "1976"]
[BlackRD "87"]
[GameID "189487"]

1. d4 d5 2. Nf3 Nf6 3. Bf4 c5 4. h3 Nc6 5. e3 Qb6 6. b3 Bf5 7. Be2 e6 8. O-O h6 9. c4 cxd4 10. Nxd4 Nxd4
11. Qxd4 Bc5 12. Qb2 O-O 13. Nd2 Ne4 14. Nxe4 Bxe4 15. cxd5 Bxd5 16. Rfd1 Rad8=
1/2-1/2

[Event "fast and furious"]
[Site "SchemingMind.com"]
[Date "2009.01.28"]
[Round "-"]
[White "Phillip Beckett"]
[Black "klagefall"]
[Result "1/2-1/2"]
[WhiteCountry "ENG"]
[BlackCountry "GER"]
[WhiteElo "1646"]
[WhiteRD "61"]
[BlackElo "1976"]
[BlackRD "87"]
[GameID "189488"]

1. d4 d5 2. e3 Nf6 3. Bd3 e6 4. Nd2 c5 5. c3 Nc6 6. f4 Bd6 7. Ndf3 b6 8. Ne5 Qc7 9. Ngf3 a5 10. O-O Ba6
11. Bxa6 Rxa6 12. Nxc6 Qxc6 13. Ne5 Qc7 14. Bd2 Ne4 15. Be1 g6 16. Bh4 Be7 17. Bxe7 Qxe7 18. Nf3 O-O 19. Nd2 f5 20. Nxe4 fxe4
21. Qg4 Qf6 22. Qg5 Qxg5 23. fxg5 c4 24. Rxf8+=
1/2-1/2

[Event "fast and furious"]
[Site "SchemingMind.com"]
[Date "2009.01.29"]
[Round "-"]
[White "Door_Mouse"]
[Black "klagefall"]
[Result "0-1"]
[WhiteCountry "USA"]
[BlackCountry "GER"]
[WhiteElo "1576"]
[WhiteRD "87"]
[BlackElo "1981"]
[BlackRD "68"]
[GameID "189489"]

1. e4 e5 2. Nf3 Nc6 3. Bc4 Bc5 4. d3 Nf6 5. O-O O-O 6. Nc3 d6 7. Bg5 h6 8. Bh4 Be6 9. Bxe6 fxe6 10. Ne2 Qe8
11. Qd2 Qh5 12. c3 Nxe4 13. dxe4 Rxf3 14. Bg3 Rff8 15. b4 Bb6 16. c4 Nd4 17. Nxd4 Bxd4 18. Rab1 Qg4 19. h3 Qxg3 20. Rb3 Qf4
21. Qxf4 Rxf4 22. g3 Rf7 23. Kg2 Raf8 24. f3 g5 25. g4 c6 26. Rd3 Rc7 27. Kg3 d5 28. cxd5 cxd5 29. exd5 exd5 30. h4 Rfc8
31. hxg5 hxg5 32. a3 Rc3 33. Rxc3 Rxc3 34. a4 e4
0-1

[Event "fast and furious"]
[Site "SchemingMind.com"]
[Date "2009.01.28"]
[Round "-"]
[White "soundso"]
[Black "klagefall"]
[Result "0-1"]
[WhiteCountry "USA"]
[BlackCountry "GER"]
[WhiteElo "1456"]
[WhiteRD "120"]
[BlackElo "1976"]
[BlackRD "87"]
[GameID "189490"]

1. d4 d5 2. c3 Nf6 3. e3 e6 4. Bd3 c5 5. Bb5+ Nc6 6. Qa4 Bd7 7. Nf3 a6 8. Bd3 Nxd4 9. Qd1 Nxf3+ 10. Qxf3 Bc6
11. O-O Be7 12. Nd2 O-O 13. Qh3 g6 14. c4 Ne4 15. Bxe4 dxe4 16. Nb3 f5 17. Bd2 b6 18. Bc3 Bf6 19. Qh6 Bxc3 20. bxc3 Qf6
21. Rac1 Rfd8 22. Qf4 Rac8 23. Rfd1 e5 24. Qg3 Rd6 25. Nd2 Rcd8 26. Rc2 Ba4 27. Nxe4 Rxd1#
0-1

[Event "fast and furious"]
[Site "SchemingMind.com"]
[Date "2009.01.28"]
[Round "-"]
[White "Arikalevi"]
[Black "Gary"]
[Result "1-0"]
[WhiteCountry "FIN"]
[BlackCountry "ENG"]
[WhiteElo "2043"]
[WhiteRD "88"]
[BlackElo "1591"]
[BlackRD "63"]
[GameID "189491"]

1. e4 c5 2. Nf3 d6 3. d4 cxd4 4. Nxd4 Nf6 5. Nc3 e6 6. Be3 Be7 7. Qf3 O-O 8. O-O-O Nc6 9. Nxc6 bxc6 10. e5 Nd5
11. exd6 Bxd6 12. Ne4
1-0

[Event "fast and furious"]
[Site "SchemingMind.com"]
[Date "2009.01.28"]
[Round "-"]
[White "Arikalevi"]
[Black "lacus66"]
[Result "1-0"]
[WhiteCountry "FIN"]
[BlackCountry "HUN"]
[WhiteElo "2043"]
[WhiteRD "88"]
[BlackElo "1635"]
[BlackRD "71"]
[GameID "189493"]

1. e4 e6 2. d4 d5 3. Nc3 Bb4 4. exd5 exd5 5. Bd3 Nc6 6. Ne2 Bxc3+ 7. bxc3 Nge7 8. Ng3 O-O 9. O-O a6 10. Qh5 g6
11. Qf3 b5 12. Bh6 Re8 13. a4 b4 14. Qf6
1-0

[Event "fast and furious"]
[Site "SchemingMind.com"]
[Date "2009.01.29"]
[Round "-"]
[White "Arikalevi"]
[Black "Joe Daudish"]
[Result "1-0"]
[WhiteCountry "FIN"]
[BlackCountry "USA"]
[WhiteElo "2043"]
[WhiteRD "88"]
[BlackElo "1720"]
[BlackRD "45"]
[GameID "189494"]

1. e4 e6 2. d4 d5 3. Nc3 Ne7 4. Nf3 Ng6 5. Be3 dxe4 6. Nxe4 Be7 7. Bc4 O-O 8. h4 Re8 9. h5 Nf8 10. h6 g6
11. O-O Nbd7 12. Qd3 Nf6 13. Rad1 c6 14. Nxf6+ Bxf6 15. Rfe1 b5 16. Bb3 a5 17. a4 Ba6 18. Qc3 Qd6 19. Ng5
1-0

[Event "fast and furious"]
[Site "SchemingMind.com"]
[Date "2009.01.28"]
[Round "-"]
[White "Arikalevi"]
[Black "Phillip Beckett"]
[Result "1-0"]
[WhiteCountry "FIN"]
[BlackCountry "ENG"]
[WhiteElo "2043"]
[WhiteRD "88"]
[BlackElo "1646"]
[BlackRD "61"]
[GameID "189495"]

1. e4 e6 2. d4 d5 3. exd5 exd5 4. Nf3 Nf6 5. Bd3 Be7 6. O-O O-O 7. c4 dxc4 8. Bxc4 Nbd7 9. Nc3 Nb6 10. Bd3 Bg4
11. h3 Bh5 12. Re1 Nbd5 13. Nxd5 Nxd5 14. Re5 Bg6 15. Qb3 Nb6 16. Bxg6 hxg6 17. Bg5 Bxg5 18. Rxg5 Qd6 19. Re5 Rfe8 20. Rae1 Qd7
21. Ng5 Rxe5 22. dxe5 Re8 23. e6 fxe6 24. Rxe6 Rxe6 25. Nxe6 Kh8 26. g3 Qd1+ 27. Qxd1
1-0

[Event "fast and furious"]
[Site "SchemingMind.com"]
[Date "2009.01.29"]
[Round "-"]
[White "Arikalevi"]
[Black "Door_Mouse"]
[Result "1-0"]
[WhiteCountry "FIN"]
[BlackCountry "USA"]
[WhiteElo "2061"]
[WhiteRD "90"]
[BlackElo "1582"]
[BlackRD "112"]
[GameID "189496"]

1. e4 c6 2. d4 d5 3. exd5 cxd5 4. Nf3 Nc6 5. Be2 Bf5 6. O-O e6 7. Nc3 Nf6 8. Nh4 Be7 9. Nxf5 O-O 10. Nxe7+ Qxe7
11. Bf4 e5 12. dxe5 Nxe5 13. Nxd5 Nxd5 14. Qxd5 Ng6 15. Be3 Rfe8 16. Rfe1 Rad8 17. Qf5 b6 18. Bg5 f6 19. Bc4+ Kf8 20. Rxe7 Rxe7
21. Bxf6 gxf6 22. Qxf6+ Ke8 23. Bb5+
1-0

[Event "fast and furious"]
[Site "SchemingMind.com"]
[Date "2009.01.28"]
[Round "-"]
[White "Arikalevi"]
[Black "soundso"]
[Result "1-0"]
[WhiteCountry "FIN"]
[BlackCountry "USA"]
[WhiteElo "2043"]
[WhiteRD "88"]
[BlackElo "1456"]
[BlackRD "120"]
[GameID "189497"]

1. e4 Nf6 2. e5 Nd5 3. d4 d6 4. c4 Nb4 5. Qa4+ N8c6 6. d5 Nc2+ 7. Qxc2 Nxe5 8. Be2 e6 9. Nf3 exd5 10. cxd5 g6
11. Nxe5 dxe5 12. O-O Qxd5 13. Nc3 Qe6 14. Nb5 Bd6 15. Nxc7+ Bxc7 16. Qxc7 O-O 17. Bh6 Re8 18. Rad1 Bd7 19. Rd6 Rec8 20. Qxd7 Qxd7
21. Rxd7 Rc2 22. Rfd1 Rcc8 23. Bc4
1-0

[Event "fast and furious"]
[Site "SchemingMind.com"]
[Date "2009.01.28"]
[Round "-"]
[White "Arikalevi"]
[Black "klagefall"]
[Result "1/2-1/2"]
[WhiteCountry "FIN"]
[BlackCountry "GER"]
[WhiteElo "2043"]
[WhiteRD "88"]
[BlackElo "1976"]
[BlackRD "87"]
[GameID "189498"]

1. e4 e5 2. Nf3 Nc6 3. Bb5 a6 4. Bxc6 dxc6 5. O-O f6 6. d4 Bg4 7. c3 Bd6 8. Be3 Ne7 9. Nbd2 O-O 10. Qb3+ Kh8
11. Qxb7 Be6 12. dxe5 fxe5 13. b4 Qd7 14. Ba7 Ng6 15. Rfe1 Nf4 16. a4 Bh3 17. g3 Ng2 18. Red1 Nf4 19. Re1 Ng2=
1/2-1/2

[Event "fast and furious"]
[Site "SchemingMind.com"]
[Date "2009.01.28"]
[Round "-"]
[White "Gary"]
[Black "Arikalevi"]
[Result "0-1"]
[WhiteCountry "ENG"]
[BlackCountry "FIN"]
[WhiteElo "1591"]
[WhiteRD "63"]
[BlackElo "2043"]
[BlackRD "88"]
[GameID "189499"]

1. e4 e5 2. Nf3 Nc6 3. Bb5 a6 4. Ba4 b5 5. Bb3 Nf6 6. O-O Bb7 7. Re1 Bc5 8. h3 d6 9. c3 O-O 10. d4 Bb6
11. Bg5 h6 12. Bxf6 Qxf6 13. dxe5 Nxe5 14. Nbd2 Nd3 15. Re2 Nf4 16. Re1 Qg6 17. g3 Qxg3+
0-1

[Event "fast and furious"]
[Site "SchemingMind.com"]
[Date "2009.01.28"]
[Round "-"]
[White "lacus66"]
[Black "Arikalevi"]
[Result "0-1"]
[WhiteCountry "HUN"]
[BlackCountry "FIN"]
[WhiteElo "1635"]
[WhiteRD "71"]
[BlackElo "2043"]
[BlackRD "88"]
[GameID "189501"]

1. d4 Nf6 2. c4 e6 3. Nc3 Bb4 4. e3 O-O 5. Bd3 b6 6. Ne2 d5 7. O-O Ba6 8. cxd5 Bxd3 9. Qxd3 exd5 10. Nb5 a6
11. Nbc3 Nc6 12. a3 Bxc3 13. bxc3 Na5 14. Rb1 Nc4 15. a4 Qd6 16. Nf4 Rfe8 17. Re1 Qxf4 18. g3 Qe4 19. Qxe4 Nxe4 20. f3 Ned2
21. Bxd2 Nxd2
0-1

[Event "fast and furious"]
[Site "SchemingMind.com"]
[Date "2009.01.29"]
[Round "-"]
[White "Joe Daudish"]
[Black "Arikalevi"]
[Result "0-1"]
[WhiteCountry "USA"]
[BlackCountry "FIN"]
[WhiteElo "1720"]
[WhiteRD "45"]
[BlackElo "2043"]
[BlackRD "88"]
[GameID "189502"]

1. d4 Nf6 2. Nf3 d5 3. Bf4 c5 4. h3 cxd4 5. Qxd4 Nc6 6. Qd1 Qb6 7. b3 e5 8. Bxe5 Nxe5 9. Nxe5 Ne4 10. Nd3 Qf6
11. Nd2 Bb4 12. f3 Qh4+ 13. g3 Qxg3+
0-1

[Event "fast and furious"]
[Site "SchemingMind.com"]
[Date "2009.01.28"]
[Round "-"]
[White "Phillip Beckett"]
[Black "Arikalevi"]
[Result "0-1"]
[WhiteCountry "ENG"]
[BlackCountry "FIN"]
[WhiteElo "1646"]
[WhiteRD "61"]
[BlackElo "2043"]
[BlackRD "88"]
[GameID "189503"]

1. d4 Nf6 2. e3 d5 3. Bd3 Nc6 4. f4 Bg4 5. Nf3 e6 6. c3 Bd6 7. O-O O-O 8. Nbd2 Bf5 9. Ne5 Nxe5 10. fxe5 Bxd3
11. exf6 Bxf1 12. fxg7 Kxg7 13. Qxf1 c6 14. e4 f6 15. exd5 cxd5 16. Nf3 Qb6 17. Qf2 Qb5 18. Qh4 Kh8 19. b3 Rf7 20. Bf4 Bxf4
21. Qxf4 Raf8 22. Rf1 Qd3
0-1

[Event "fast and furious"]
[Site "SchemingMind.com"]
[Date "2009.01.30"]
[Round "-"]
[White "Door_Mouse"]
[Black "Arikalevi"]
[Result "0-1"]
[WhiteCountry "USA"]
[BlackCountry "FIN"]
[WhiteElo "1582"]
[WhiteRD "112"]
[BlackElo "2061"]
[BlackRD "90"]
[GameID "189504"]

1. e4 e5 2. Nf3 Nc6 3. d4 exd4 4. Nxd4 Nf6 5. Nxc6 bxc6 6. Nc3 Bb4 7. Bd2 O-O 8. Qf3 d5 9. O-O-O Bg4 10. Qg3 Bxd1
11. Kxd1 d4 12. Ne2 Nxe4 13. Qh3 Nxf2+
0-1

[Event "fast and furious"]
[Site "SchemingMind.com"]
[Date "2009.01.28"]
[Round "-"]
[White "soundso"]
[Black "Arikalevi"]
[Result "0-1"]
[WhiteCountry "USA"]
[BlackCountry "FIN"]
[WhiteElo "1456"]
[WhiteRD "120"]
[BlackElo "2043"]
[BlackRD "88"]
[GameID "189505"]

1. d4 d5 2. e3 Nf6 3. c3 Bf5 4. Bd3 Bxd3 5. Qxd3 Nc6 6. Nf3 e6 7. O-O Be7 8. Nbd2 O-O 9. b3 Re8 10. a4 Bd6
11. b4 e5 12. dxe5 Nxe5 13. Qf5 a5 14. b5 Ne4 15. Nxe4 Nxf3+ 16. gxf3 dxe4 17. fxe4 Re5 18. Qf4 Rg5+ 19. Qg3 Bxg3 20. fxg3 Qd3
21. Ba3 Qxe3+ 22. Rf2 Rd8 23. Be7 Rd2 24. Rf1 Rxg3+ 25. hxg3 Qxg3+ 26. Kh1 Rxf2 27. Rxf2 Qxf2 28. Bd8 h5 29. Bxc7 h4 30. Bb6 Qf3+
31. Kg1 h3 32. Bc7 Qg2#
0-1

[Event "fast and furious"]
[Site "SchemingMind.com"]
[Date "2009.01.28"]
[Round "-"]
[White "klagefall"]
[Black "Arikalevi"]
[Result "1/2-1/2"]
[WhiteCountry "GER"]
[BlackCountry "FIN"]
[WhiteElo "1976"]
[WhiteRD "87"]
[BlackElo "2043"]
[BlackRD "88"]
[GameID "189506"]

1. d4 Nf6 2. c4 e6 3. Nf3 d5 4. Bg5 Nbd7 5. e3 h6 6. Bh4 g5 7. Bg3 Ne4 8. Nc3 Nxg3 9. hxg3 c6 10. Bd3 a6
11. O-O b5 12. c5 h5 13. e4 Bg7 14. exd5 cxd5 15. a4 g4 16. Nh4 Bxd4 17. c6 Nc5 18. axb5 Bf6 19. Re1 Kf8 20. Qe2 Nxd3
21. Qxd3 Kg7 22. Ra4 Qb6 23. Rea1 Rd8 24. Qd2=
1/2-1/2

[Event "fast and furious"]
[Site "SchemingMind.com"]
[Date "2009.01.30"]
[Round "-"]
[White "TONYTODD11"]
[Black "Gary"]
[Result "1-0"]
[WhiteCountry "ENG"]
[BlackCountry "ENG"]
[WhiteElo "1576"]
[WhiteRD "71"]
[BlackElo "1412"]
[BlackRD "58"]
[GameID "189650"]

1. e4 c5 2. d4 cxd4 3. c3 Nc6 4. cxd4 d5 5. Nc3 dxe4 6. d5 Ne5 7. Qa4+ Bd7 8. Qxe4 Ng6 9. Nf3 Nf6 10. Qd3 e6
11. d6 Qb6 12. Nb5 Nd5 13. Be3 Bxb5 14. Qxb5+ Qxb5 15. Bxb5+ Kd8 16. d7 Nxe3 17. Rc1 Nf4 18. fxe3
1-0

[Event "fast and furious"]
[Site "SchemingMind.com"]
[Date "2009.01.30"]
[Round "-"]
[White "TONYTODD11"]
[Black "lacus66"]
[Result "0-1"]
[WhiteCountry "ENG"]
[BlackCountry "HUN"]
[WhiteElo "1554"]
[WhiteRD "73"]
[BlackElo "1597"]
[BlackRD "67"]
[GameID "189652"]

1. e4 e6 2. d4 d5 3. e5 c5 4. b3 a6 5. Nf3 b5 6. Be3 c4 7. bxc4 bxc4 8. g3 Ne7 9. Bg2 Nf5 10. Nc3 Bb4
11. Bd2 Bd7 12. O-O O-O 13. Rb1 Bxc3 14. Bxc3 Nc6 15. g4 Nh6 16. h3 f5 17. g5 Nf7 18. h4 h6 19. g6 Nh8 20. h5 Rb8
21. Rxb8 Qxb8 22. Qc1 a5 23. Ng5 hxg5 24. Qxg5 Qe8 25. Re1 f4 26. Bd2 Rf5 27. Qh4 Qe7 28. Qh2 Qg5 29. Qh3 Qxh5 30. Qxh5 Rxh5
31. Bxf4 Nxg6 32. Be3 Nb4 33. Bf3 Rf5 34. Bd2 Rxf3 35. a3 Nxc2 36. Rb1 Nxd4 37. Bxa5 Nxe5 38. Rb8+ Rf8 39. Rb2 Nd3 40. Rb7 Bc6
41. Ra7 Rxf2 42. Kh1 Nb5 43. Re7 e5 44. Bb6 Rf7 45. Re6 Nf2+ 46. Kg2 Bb7 47. Rxe5 d4+ 48. Kg3 Nxa3 49. Bxd4 Ne4+ 50. Kg4 Nf6+
51. Kg5 Nh7+ 52. Kg6 Nf8+ 53. Kg5 Bc8 54. Re8 Bd7 55. Ra8 Nc2 56. Bc3 Be6 57. Rc8 Kh7 58. Rc6 Ne3 59. Bb4 Rf5+ 60. Kh4 Ng6+
61. Kg3 Bd5 62. Rc5 Nf1+ 63. Kg4 Rf4+ 64. Kg5 Ne3 65. Rxd5 Nxd5 66. Bd6 Rf1
0-1

[Event "fast and furious"]
[Site "SchemingMind.com"]
[Date "2009.01.30"]
[Round "-"]
[White "TONYTODD11"]
[Black "Joe Daudish"]
[Result "0-1"]
[WhiteCountry "ENG"]
[BlackCountry "USA"]
[WhiteElo "1542"]
[WhiteRD "70"]
[BlackElo "1720"]
[BlackRD "45"]
[GameID "189653"]

1. e4 e6 2. d4 d5 3. e5 Ne7 4. Bd3 Ng6 5. g3 Be7 6. Nf3 c5 7. b3 Nc6 8. Bb2 cxd4 9. Bxd4 Nxd4 10. Nxd4 Nxe5
11. Bb5+ Bd7 12. Nc3 a6 13. Qe2 axb5 14. Qxe5 Bf6 15. Qf4 O-O 16. Ncxb5 Bxb5 17. Nxb5 Bxa1 18. c3 Rxa2 19. O-O Qb6 20. Nd4 Bxc3
21. Nf3 Bf6 22. b4 Rb2 23. Ne5 Bxe5 24. Qxe5 Qxb4 25. h4 Rb1 26. h5 Rxf1+ 27. Kxf1 Qb1+ 28. Kg2 Qe4+
0-1

[Event "fast and furious"]
[Site "SchemingMind.com"]
[Date "2009.01.30"]
[Round "-"]
[White "TONYTODD11"]
[Black "Arikalevi"]
[Result "0-1"]
[WhiteCountry "ENG"]
[BlackCountry "FIN"]
[WhiteElo "1542"]
[WhiteRD "70"]
[BlackElo "2043"]
[BlackRD "88"]
[GameID "189654"]

1. d4 Nf6 2. e3 d5 3. Nf3 Bf5 4. Nc3 e6 5. Ne5 Bb4 6. Bd2 Nbd7 7. Nxd7 Qxd7 8. Qf3 Bxc2 9. Bb5 c6 10. Be2 O-O
11. O-O Bd6 12. Rac1 Bf5 13. h3 Be4 14. Nxe4 dxe4 15. Qxf6 gxf6 16. Bg4 c5 17. dxc5 Bh2+ 18. Kxh2 Qxd2 19. c6 bxc6 20. Rxc6 Rfc8
21. Rxc8+ Rxc8 22. Rd1 Qxf2 23. b4 Rc3 24. a4 Rxe3 25. Rg1 f5 26. Bd1 f4 27. Bg4 f5 28. Bh5 Rxh3+
0-1

[Event "fast and furious"]
[Site "SchemingMind.com"]
[Date "2009.01.29"]
[Round "-"]
[White "TONYTODD11"]
[Black "Phillip Beckett"]
[Result "1-0"]
[WhiteCountry "ENG"]
[BlackCountry "ENG"]
[WhiteElo "1542"]
[WhiteRD "70"]
[BlackElo "1646"]
[BlackRD "61"]
[GameID "189655"]

1. d4 d5 2. e3 e6 3. Nf3 Nf6 4. Bd3 c5 5. Ne5 Nc6 6. Nxc6 bxc6 7. Nd2 Bd6 8. b3 Qb6 9. Bb2 Ba6 10. c4 dxc4
11. Nxc4 Bxc4 12. Bxc4 cxd4 13. Bxd4 Bc5 14. Bxc5 Qxc5 15. Rc1 Qb6 16. O-O O-O 17. a4 Rfd8 18. Bd3 Rac8 19. h3 Nd5 20. Rc4 Nb4
21. Rd4 Rxd4 22. exd4 Nxd3 23. Qxd3 Rd8 24. Rd1 Rd5 25. b4 Qxb4 26. Rb1 Qxa4 27. Rb8+
1-0

[Event "fast and furious"]
[Site "SchemingMind.com"]
[Date "2009.01.30"]
[Round "-"]
[White "TONYTODD11"]
[Black "Door_Mouse"]
[Result "0-1"]
[WhiteCountry "ENG"]
[BlackCountry "USA"]
[WhiteElo "1576"]
[WhiteRD "71"]
[BlackElo "1576"]
[BlackRD "87"]
[GameID "189656"]

1. d4 f5 2. e3 Nf6 3. Nc3 e6 4. Nf3 Be7 5. Bc4 O-O 6. O-O d6 7. d5 exd5 8. Bxd5+ Nxd5 9. Nxd5 Nc6 10. Nf4 b6
11. b3 Bf6 12. Qd5+ Kh8 13. Qxc6 Bd7 14. Qxa8 Qxa8 15. Rb1 Bc6 16. Ne6 Rf7 17. Nfg5 Bxg5 18. Nxg5 Bxg2 19. Nxf7+ Kg8 20. Ng5 h6
21. Re1 hxg5 22. e4 Bxe4 23. Kf1 a5 24. Rb2 g4 25. c4 Bg2+ 26. Ke2 Qf3+ 27. Kd2 Qxf2+ 28. Kd1 Bf3+ 29. Rbe2 Bxe2+ 30. Rxe2 Qf3
31. Be3 f4 32. Bf2 g3 33. Kd2 gxf2
0-1

[Event "fast and furious"]
[Site "SchemingMind.com"]
[Date "2009.01.29"]
[Round "-"]
[White "TONYTODD11"]
[Black "soundso"]
[Result "0-1"]
[WhiteCountry "ENG"]
[BlackCountry "USA"]
[WhiteElo "1542"]
[WhiteRD "70"]
[BlackElo "1456"]
[BlackRD "120"]
[GameID "189657"]

1. d4 d5 2. e3 e6 3. Nf3 Bb4+ 4. c3 Ba5 5. Qa4+ c6 6. Nbd2 Bc7 7. e4 Ne7 8. Nb3 b5 9. Qb4 Na6 10. Qa3 Bd6
11. Nc5 e5 12. Be3 O-O 13. Nxe5 f6 14. Ned3 f5 15. Nb4 Nxb4 16. Qxb4 fxe4 17. Qb3 Nf5 18. Bxb5 Rb8 19. a4 Nxe3 20. fxe3 Qh4+
21. g3 Bxg3+ 22. Kd2 Rf2+ 23. Kc1 Bg4 24. Nxe4 Rxh2 25. Nxg3 Rxh1+ 26. Nf1 Qe1+
0-1